000 00676nam a2200253Ia 4500
003 OSt
005 20220918163851.0
006 a|||||r|||| 00| 0
007 ta
008 220917b |||||||| |||| 00| 0 eng d
020 _a0333274164
024 _a30,942
037 _cTextual
040 _aARTS
_cARTS
_beng
041 _2eng
_aeng
082 _aO111,3M66w, M0
100 _aWells H G
_915805
245 0 _aInterviews and recollections , ed by J R Hammond
260 _aLondon
_bMacmillan UK
_c1980
300 _axii,121p.
_ccm.
650 _aENGLISH LITERATURE
942 _hO111,3M66w, M0
_cTEXL
_2CC
999 _c121927
_d121927